| 000 | 01071nam a2200301Ia 4500 | ||
|---|---|---|---|
| 001 | Para_8955 | ||
| 003 | CHAP | ||
| 008 | 220125s2005 xx 000 0 und d | ||
| 010 | _a207733 | ||
| 040 | _cCHAP | ||
| 090 | _aPA TESIS 1891 | ||
| 100 |
_aLópez Navarrete, Flor de María _968159 |
||
| 245 |
_aControl del cancro bacteriano del jitomate (Clavibacter michiganensis subsp. michiganensis Smith.) en invernadero, en Chapingo, México / _c por Flor de María López Navarrete |
||
| 260 |
_aChapingo, Méx. : _b el autor |
||
| 300 | _a62 h. | ||
| 502 | _aTesis (Ing. Agr. Esp. en Parasitología Agrícola) -- UACh. Departamento Parasitología Agrícola | ||
| 650 |
_aBacterias fitopatógenas _99326 |
||
| 650 |
_aClavibacter michiganensis _923721 |
||
| 650 |
_aTomate _x enfermedades _9113711 |
||
| 710 |
_aUACh. Departamento Parasitología Agrícola _9164025 |
||
| 901 | _aPA TESIS 1891 | ||
| 902 | _aA | ||
| 905 | _a0000002005 ain 0000000000 00 | ||
| 910 | _a2005 | ||
| 942 | _cPARA | ||
| 942 |
_cPARA _d1 |
||
| 999 |
_c207733 _d207733 |
||